| Tag |
First Indicator |
Second Indicator |
Subfields |
| LEADER |
00000cam a22000004a 4500 |
| 001 |
in00001562575 |
| 005 |
20151022073215.0 |
| 008 |
990202s2000 enka b 001 0 eng |
| 010 |
|
|
|a 99017598
|
| 015 |
|
|
|a GB99-W7556
|
| 019 |
|
|
|a 41960837
|a 44532696
|
| 020 |
|
|
|a 0335200648 (hardbound)
|
| 020 |
|
|
|a 033520063X (pbk.)
|
| 035 |
|
|
|a (OCoLC)ocm40776829
|
| 040 |
|
|
|a DLC
|c DLC
|d UKM
|d C#P
|d TXA
|d UtOrBLW
|
| 042 |
|
|
|a pcc
|
| 049 |
|
|
|a TXAM
|
| 050 |
0 |
0 |
|a RC488.5
|b .D333 2000
|
| 082 |
0 |
0 |
|a 616.89/156
|2 21
|
| 100 |
1 |
|
|a Dallos, Rudi,
|d 1948-
|
| 245 |
1 |
3 |
|a An introduction to family therapy :
|b systemic theory and practice /
|c Rudi Dallos and Ros Draper.
|
| 264 |
|
1 |
|a Buckingham ;
|a Philadelphia :
|b Open University Press,
|c 2000.
|
| 300 |
|
|
|a xvii, 252 pages :
|b illustrations ;
|c 25 cm.
|
| 336 |
|
|
|a text
|b txt
|2 rdacontent
|
| 337 |
|
|
|a unmediated
|b n
|2 rdamedia
|
| 338 |
|
|
|a volume
|b nc
|2 rdacarrier
|
| 504 |
|
|
|a Includes bibliographical references (pages [235]-245) and index.
|
| 650 |
|
0 |
|a Family psychotherapy.
|
| 700 |
1 |
|
|a Draper, Rosalind.
|
| 948 |
|
|
|a cataloged
|b h
|c 2000/9/28
|d c
|e jspillan
|f 4:20:05 pm
|
| 994 |
|
|
|a E0
|b TXA
|
| 999 |
|
|
|a MARS
|
| 999 |
f |
f |
|s 08b78c34-2891-3a68-ae42-f56243100c85
|i 4f2fd042-21af-3241-8ecd-ae9d2696c95b
|t 0
|
| 952 |
f |
f |
|p ric
|a Texas A&M University
|b Rellis Campus
|c Joint Library Facility
|d Remote Storage
|t 0
|e RC488.5 .D333 2000
|h Library of Congress classification
|i unmediated -- volume
|m A14825489941
|
| 998 |
f |
f |
|a RC488.5 .D333 2000
|t 0
|l Remote Storage
|